THE Effect of Different Composting Methods on Chicken Manure Productivity, ឥទ្ធិពលនៃវិធីសាស្រ្តផ្អាប់ខុសៗគ្នាទៅលើផលិតភាពជីកំប៉ុស្តិ៍លាមកមាន់ (Record no. 24704)

000 -LEADER
fixed length control field 00647nam a22001337a 4500
040 ## - CATALOGING SOURCE
Transcribing agency RUA
082 ## - DEWEY DECIMAL CLASSIFICATION NUMBER
Classification number AGR SEU 2024 B1.286 Or.1
100 ## - MAIN ENTRY--AUTHOR NAME
Personal name SEUN TANG, ស៊ឺន តង់
245 ## - TITLE STATEMENT
Title THE Effect of Different Composting Methods on Chicken Manure Productivity, ឥទ្ធិពលនៃវិធីសាស្រ្តផ្អាប់ខុសៗគ្នាទៅលើផលិតភាពជីកំប៉ុស្តិ៍លាមកមាន់
260 ## - PUBLICATION, DISTRIBUTION, ETC. (IMPRINT)
Place of publication PHNOM PENH
Name of publisher RUA
Year of publication 2024
300 ## - PHYSICAL DESCRIPTION
Number of Pages viii,
Other physical details ill,
Dimensions 29cm,
856 ## - ELECTRONIC LOCATION AND ACCESS
Uniform Resource Identifier https://drive.google.com/file/d/1to-Ha6wJSvbmws9ujQBTxV-5YB7BDwqd/view?usp=sharing
942 ## - ADDED ENTRY ELEMENTS (KOHA)
Koha item type AGR
952 ## - LOCATION AND ITEM INFORMATION (KOHA)
Withdrawn status [LOCAL, KOHA] 0
952 ## - LOCATION AND ITEM INFORMATION (KOHA)
Withdrawn status [LOCAL, KOHA] 0
Holdings
Permanent Location Date acquired Koha item type Lost status Shelving location Barcode Current Location Full call number
Library Block B2025-04-28AGR B1.286A082994Library Block BAGR SEU 2024 B1.286 Or.1
Library Block B2025-04-28AGR B1.286A083389Library Block BAGR SEU 2024 B1.286 Or.2
មជ្ឈមណ្ឌលឯការនៃសាកលវិទ្យាល័យភូមិន្ទកសិកម្មចំការដូង

Powered by Koha